• 首页
  • 本馆介绍
  • 公告通知
  • 最新文献
  • 馆藏检索
  • 电子资源
  • 读者导购
  • 参考咨询
  • 我的图书馆
  • 登录
  • 详细信息显示
  • 放入我的书架
  • 预约/预借图书
  • 作者相关作品
  • 分类相关作品
  • 丛书相关作品
  • 出版社相关作品

书目信息

  • 表格格式
  • 工作单格式
  • 卡片格式
题名:
景观细部设计集成
    
 
作者: 樊思亮 主编
分册: Ⅱ  
出版信息: 北京   中国林业出版社  2012.01
页数: 303页
开本: 30cm
丛书名:
单 册:
中图分类: TU983-64
科图分类:
主题词: 景观设计 , 细部设计
电子资源:
ISBN: 978-7-5038-6370-7
000 00884nam0 2200253 450
001 010050007319
005 20140609085446.12
010    @a978-7-5038-6370-7@b精装@dCNY269.80,USD40.00
100    @a20120407d2012 em y0chiy0110 ea
101 0  @achi
102    @aCN@b110000
105    @aa z 000yy
106    @ar
200 1  @a景观细部设计集成@9jing guan xi bu she ji ji cheng@hⅡ@f樊思亮主编
210    @a北京@c中国林业出版社@d2012.01
215    @a303页@d30cm
304    @a英文共同题名:Landscape details design integration
330    @a本书中的许多细部设计都是众多优秀景观及设计公司多年来的优秀作品。包括:铺地、亭·塔楼、花钵·雕塑、围墙·栏杆、灯饰、台阶、指示牌、座凳、采光井、种植池等。
606 0  @a景观设计
606 0  @a细部设计
690    @aTU983-64@v5
701  0 @a樊思亮@9fan si liang@4主编
801  0 @aCN@bNLC@c20120619
905    @b548534-36@dTU983-64@e110:2@f3
    
    景观细部设计集成.Ⅱ/樊思亮主编.-北京:中国林业出版社,2012.01
    303页;30cm
    
    
    ISBN 978-7-5038-6370-7(精装):CNY269.80,USD40.00
    本书中的许多细部设计都是众多优秀景观及设计公司多年来的优秀作品。包括:铺地、亭·塔楼、花钵·雕塑、围墙·栏杆、灯饰、台阶、指示牌、座凳、采光井、种植池等。
●
相关链接 在E读中查询图书 在五车中查询图书 在当当中查询图书 在豆瓣中查询图书


正题名:景观细部设计集成     索取号:TU983-64/110:2         预约/预借

序号 登录号 条形码 馆藏地/架位号 状态 备注
1 548534   205485349   第二样本阅览室/ [索取号:TU983-64/110:2] 在馆    
2 548535   205485358   密集书库-生命科学系/ [索取号:TU983-64/110:2] 在馆    
3 548536   205485367   第三借阅区/ [索取号:TU983-64/110:2] 在馆    
唐山师范学院图书馆 欢迎您!
大连网信软件有限公司© 版权所有